<A> simulation study of the run length distribution
Na minha lista:
| Autor principal: | |
|---|---|
| Outros Autores: | |
| Formato: | Capítulo de Livro |
| Idioma: | inglês |
| Assuntos: | |
| Tags: |
Sem tags, seja o primeiro a adicionar uma tag!
|
MARC
| LEADER | 00000naa$a2200000$$$4500 | ||
|---|---|---|---|
| 001 | 0020213 | ||
| 005 | 20221128114111.3 | ||
| 041 | 0 | |a eng | |
| 044 | |a SK | ||
| 245 | 1 | 0 | |a <A> simulation study of the run length distribution |c Zbigniew Paszek, Andrzej Sokołowski |
| 610 | 2 | 0 | |a kontrola kvality |
| 610 | 2 | 0 | |a výrobky |
| 610 | 2 | 0 | |a výroba |
| 610 | 2 | 0 | |a kontrola |
| 610 | 2 | 0 | |a distribúcia |
| 610 | 2 | 0 | |a simulácia |
| 100 | 1 | |a Paszek, Zbigniew | |
| 700 | 1 | |a Sokołowski, Andrzej | |